| 000 | 00871cad a22002055a 4500 | ||
|---|---|---|---|
| 001 | E154965 | ||
| 008 | 120213s2012 xxk f 000 0 eng d | ||
| 020 | _a9781780456614 | ||
| 035 | _a(Sirsi) u154965 | ||
| 041 | 0 | _aeng | |
| 110 | 2 |
_aScotland _bScottish Government _95344 |
|
| 245 | 0 | 0 |
_aState of the NHSScotland estate 2011 _bincorporating an update on NHSScotland facilities services _h[electronic resource] |
| 260 |
_aEdinburgh _bScottish Government _c2012 |
||
| 520 | _aThe first of a new series of annual reports looking at asset management in NHSScotland and reporting on areas of best practice and aspects which require improvement. | ||
| 590 | _aKA | ||
| 651 | 4 |
_aScotland _y1999- |
|
| 690 |
_aFacilities management _96240 |
||
| 856 | 4 | 0 |
_uhttps://www.scotland.gov.uk/Publications/2012/02/4403 _zView the item free of charge at www.scotland.gov.uk |
| 942 | _n0 | ||
| 999 |
_c113262 _d113262 |
||